Aircraft engine design / (Record no. 594131)
[ view plain ]
| 000 -LEADER | |
|---|---|
| fixed length control field | 02156cam a22003738i 4500 |
| 001 - CONTROL NUMBER | |
| control field | 20698020 |
| 005 - DATE AND TIME OF LATEST TRANSACTION | |
| control field | 20230322162355.0 |
| 008 - FIXED-LENGTH DATA ELEMENTS--GENERAL INFORMATION | |
| fixed length control field | 181005s2019 vau b 001 0 eng |
| 010 ## - LIBRARY OF CONGRESS CONTROL NUMBER | |
| LC control number | 2018047312 |
| 020 ## - INTERNATIONAL STANDARD BOOK NUMBER | |
| International Standard Book Number | 9781624105173 (hardcover) |
| 040 ## - CATALOGING SOURCE | |
| Original cataloging agency | DLC |
| Language of cataloging | eng |
| Description conventions | rda |
| Transcribing agency | DLC |
| 042 ## - AUTHENTICATION CODE | |
| Authentication code | pcc |
| 050 00 - LIBRARY OF CONGRESS CALL NUMBER | |
| Classification number | TL709.5.T87 |
| Item number | M38 2018 |
| 082 00 - DEWEY DECIMAL CLASSIFICATION NUMBER | |
| Classification number | 629.1343 |
| Edition number | 23 |
| Author Mark | MAT |
| 100 1# - MAIN ENTRY--PERSONAL NAME | |
| Personal name | Mattingly, Jack D., |
| Relator term | author. |
| 9 (RLIN) | 60954 |
| 245 10 - TITLE STATEMENT | |
| Title | Aircraft engine design / |
| Statement of responsibility, etc. | Jack D. Mattingly, Keith M. Boyer, Brenda A. Haven, William H. Heiser, David T. Pratt. |
| 263 ## - PROJECTED PUBLICATION DATE | |
| Projected publication date | 1901 |
| 264 #1 - PRODUCTION, PUBLICATION, DISTRIBUTION, MANUFACTURE, AND COPYRIGHT NOTICE | |
| Place of production, publication, distribution, manufacture | Reston, Virginia : |
| Name of producer, publisher, distributor, manufacturer | American Institute of Aeronautics and Astronautics, Inc., |
| Date of production, publication, distribution, manufacture, or copyright notice | [2018] |
| 300 ## - PHYSICAL DESCRIPTION | |
| Extent | pages cm. |
| 336 ## - CONTENT TYPE | |
| Content type term | text |
| Content type code | txt |
| Source | rdacontent |
| 337 ## - MEDIA TYPE | |
| Media type term | unmediated |
| Media type code | n |
| Source | rdamedia |
| 338 ## - CARRIER TYPE | |
| Carrier type term | volume |
| Carrier type code | nc |
| Source | rdacarrier |
| 490 0# - SERIES STATEMENT | |
| Series statement | AIAA education series |
| 504 ## - BIBLIOGRAPHY, ETC. NOTE | |
| Bibliography, etc. note | Includes bibliographical references and index. |
| 520 ## - SUMMARY, ETC. | |
| Summary, etc. | "Aircraft Engine Design, Third Edition presents a complete and realistic aircraft engine design experience. From the request for proposal for a new aircraft to the final engine layout, it outlines the concepts and procedures required for the entire process. The writing of the third edition of Aircraft Engine Design began as soon as the second edition was published in 2003. The ensuing 15 years of evolutionary changes have created an improved, new work. The special contributions of uniquely quali?ed experts continue to provide valuable material to this new edition. These include Appendix L on Turbine Engine Life Management by Dr. William D. Cowie and Appendix M on Engine Controls by Charles A. Skira (with Timothy J. Lewis and Zane D. Gastineau) with update by Dr. Link Jaw"-- |
| Assigning source | Provided by publisher. |
| 650 #0 - SUBJECT ADDED ENTRY--TOPICAL TERM | |
| Topical term or geographic name entry element | Aircraft gas-turbines |
| General subdivision | Design and construction. |
| 9 (RLIN) | 111156 |
| 700 1# - ADDED ENTRY--PERSONAL NAME | |
| Personal name | Boyer, Keith M., |
| Relator term | author. |
| 9 (RLIN) | 111157 |
| 700 1# - ADDED ENTRY--PERSONAL NAME | |
| Personal name | Haven, Brenda A., |
| Relator term | author. |
| 9 (RLIN) | 111158 |
| 700 1# - ADDED ENTRY--PERSONAL NAME | |
| Personal name | Heiser, William H., |
| Relator term | author. |
| 9 (RLIN) | 111159 |
| 700 1# - ADDED ENTRY--PERSONAL NAME | |
| Personal name | Pratt, David T., |
| Relator term | author. |
| 9 (RLIN) | 111160 |
| 906 ## - LOCAL DATA ELEMENT F, LDF (RLIN) | |
| a | 7 |
| b | cbc |
| c | orignew |
| d | 1 |
| e | ecip |
| f | 20 |
| g | y-gencatlg |
| 942 ## - ADDED ENTRY ELEMENTS (KOHA) | |
| Source of classification or shelving scheme | |
| Koha item type | Book |
| Withdrawn status | Lost status | Source of classification or shelving scheme | Damaged status | Not for loan | Permanent Location | Current Location | Shelving location | Date acquired | Full call number | Barcode | Date last seen | Price effective from | Koha item type |
|---|---|---|---|---|---|---|---|---|---|---|---|---|---|
| School of Mechanical & Manufacturing Engineering (SMME) | School of Mechanical & Manufacturing Engineering (SMME) | Aerospace Engineering | 03/22/2023 | 629.1343 MAT | SMME-3929 | 03/22/2023 | 03/22/2023 | Book |
